000 00328nam a22001457a 4500
020 _a978-1-84646-985-5
082 _a823
_bSOU/L
100 _aSOUTHGATE, VERA
245 _aLITTLE RED RIDING HOOD
260 _aUK
_bLADYBIRD
300 _a42
520 _aENGLISH SHORT STORY
650 _aENGLISH SHORT STORY
_zUK
942 _cBK
999 _c4916
_d4916